Kapitoly z klinické biochemie

Salvato in:
Dettagli Bibliografici
Autore principale: Schneiderka, Petr, 1941-
Natura: Libro
Lingua:ceco
Pubblicazione: Praha Karolinum 2004
Edizione:2., dopl. a přeprac. vyd.
Serie:Učební texty Univerzity Karlovy v Praze
Soggetti:
Accesso online:Visualizza in OPAC
Tags: Aggiungi Tag
Nessun Tag, puoi essere il primo ad aggiungerne!!

MARC

LEADER 00000nam a2200000 a 4500
005 20260127134256.0
008 070405s2004 xr al f p 000 0 cze c
020 |a 802460678X (brož.) 
035 |a vtls008962168 
039 9 |a 201605270803  |b msavuk33  |c 200811041039  |d mschk03  |c 200704131315  |d msvkpo03  |y 200704051235  |z msvkpo04 
040 |a SVKPO  |b slo  |c SVKPO  |d STUSCHK1  |e AACR2 
041 0 |a cze 
044 |a xr  |b 1500 výtl.  |c CZ 
072 7 |a 616  |x Patológia. Klinická medicína  |2 konspekt 
080 |a 616-074  |2 2001 
080 |a 616-076  |2 2001 
080 |a (075.8)  |2 2001 
100 1 |a Schneiderka, Petr,  |d 1941- 
245 1 0 |a Kapitoly z klinické biochemie  |c Petr Schneiderka a kolektiv 
250 |a 2., dopl. a přeprac. vyd. 
260 |a Praha  |b Karolinum  |c 2004 
300 |a 365 s.  |b ilustr., sch., tab.  |c 30 cm 
490 1 |a Učební texty Univerzity Karlovy v Praze 
504 |a Obsahuje bibliografie 
521 8 |a Pre poslucháčov 1. lekárskej fakulty UK 
650 0 7 |a klinická biochémia  |2 SNKPH 
650 0 7 |a biochemická diagnostika  |2 SNKPH 
655 7 |a učebnice vysokých škôl  |2 SNKPH 
830 0 |a Učební texty Univerzity Karlovy v Praze 
910 |a svkpo 
910 |a SCHK95 
910 |a savuk 
919 |a 80-246-0678-X 
999 |c 8511  |d 8511